Gauge theory and symplectic geometry /
Guardado en:
| Autores Corporativos: | , |
|---|---|
| Otros Autores: | , , |
| Formato: | Libro |
| Idioma: | English |
| Publicado: |
Dordecht ; Boston :
Kluwer,
c1997.
|
| Series: | NATO ASI series. Mathematical and physical sciences ;
no. 488. |
| Materias: | |
| Acceso en línea: | Publisher description |
| Etiquetas: |
Agregar Etiqueta
Sin Etiquetas, Sea el primero en etiquetar este registro!
|
| LEADER | 02151cam a2200361 a 4500 | ||
|---|---|---|---|
| 001 | MAT.inmabb006359 | ||
| 008 | 970306s1997####ne#a#####b####001#0#eng## | ||
| 005 | 20160406163710.0 | ||
| 245 | 0 | 0 | |a Gauge theory and symplectic geometry / |c edited by Jacques Hurtubise and François Lalonde ; technical editor Gert Sabidussi. |
| 260 | |a Dordecht ; |a Boston : |b Kluwer, |c c1997. | ||
| 300 | |a xvii, 212 p. : |b il. ; |c 25 cm. | ||
| 490 | 1 | |a NATO ASI series. Series C: Mathematical and physical sciences ; |v vol. 488 | |
| 500 | |a "Published in cooperation with NATO Scientific Affairs Division." | ||
| 500 | |a "Proceedings of the NATO Advanced Study Institute and Séminaire de mathématiques supérieures on Gauge Theory and Symplectic Geometry, Montréal, Canada, July 3-14, 1995"--T.p. verso. | ||
| 504 | |a Incluye referencias bibliográficas e índice. | ||
| 505 | 0 | |a Michèle Audin, Lectures on gauge theory and integrable systems -- Yakov Eliashberg, Symplectic geometry of plurisubharmonic functions -- Nigel Hitchin, Frobenius manifolds -- Jacques C. Hurtubise, Moduli spaces and particle spaces -- François Lalonde, J-holomorphic curves and symplectic invariants -- Dusa McDuff, Lectures on Gromov invariants for symplectic 4-manifolds. | |
| 510 | 4 | |a MR, |c 98a:58001 | |
| 020 | |a 0792345002 (alk. paper) | ||
| 700 | 1 | |a Hurtubise, Jacques. |4 edt | |
| 700 | 1 | |a Lalonde, François. |4 edt | |
| 700 | 1 | |a Sabidussi, Gert. |4 edt | |
| 710 | 2 | |a North Atlantic Treaty Organization. |b Scientific Affairs Division. | |
| 711 | 2 | |a NATO Advanced Study Institute and Séminaire de mathématiques supérieures on Gauge Theory and Symplectic Geometry |d (1995 : |c Montreal, Québec) | |
| 830 | 0 | |a NATO ASI series. |n Series C, |p Mathematical and physical sciences ; |v no. 488. | |
| 650 | 0 | |a Integral geometry. | |
| 650 | 0 | |a Symplectic manifolds. | |
| 650 | 0 | |a Gauge fields (Physics) |x Mathematics. | |
| 650 | 0 | |a Mathematical physics. | |
| 084 | |a 58-06 (58Dxx 57-06) |2 msc2000 | ||
| 010 | |a 97008141 | ||
| 040 | |a DLC |c DLC |d DLC | ||
| 856 | 4 | 2 | |3 Publisher description |u http://www.loc.gov/catdir/enhancements/fy0826/97008141-d.html |
| 859 | |h 58 |i G268 |p A-7554 |b BIB. MATEMATICA | ||
